Responses for Show #6571 - Monday, March 25, 2013

Contestants

[<< previous game]

Tyson Schindler, an airline pilot from Austin, Texas

Tom Lynn, a property manager from Baltimore, Maryland

Rachel Liptak, a substitute teacher from Temecula, California (whose 1-day cash winnings total $19,201)

[next game >>]

Jeopardy! Round responses

U.S. STAMPS
A LITTLE LATE NIGHT MUSIC
BUSINESS LETTERS
"STAND" TALL
OHIO HISTORY
THE PASSION
    $200 11
a tandem bicycle

Rachel
    $200 21
(Tom: What is Van Halen?)

Pearl Jam

TomTyson
    $200 16
HP

Tyson
    $200 1
a kickstand

Tom
    $200 6
(The) Ohio State (University)

Tom
    $200 26
Pilate

Rachel
    $400 12
aloha shirts

Rachel
    $400 22
Eminem

Tyson
    $400 17
CNN

Tyson
    $400 2
Bandstand

Rachel
    $400 7
Michigan

Rachel
    $400 27
Via Dolorosa

Tyson
    $1,000 13
(Rachel: What is the Hunley?)

the U.S.S. Constitution (Old Ironsides)

Rachel
    $600 23
No Doubt

Rachel
    $600 18
Standard & Poor's

Tyson
    $600 3
a nightstand

Rachel
    $600 8
(Tyson: What is the door?)

the cash register

RachelTyson
    $600 28
Mary

Rachel
    $800 14
Tiffany

Rachel
    $800 24
Slash

Tyson
    $800 19
Minnesota (Mining & Manufacturing)

Tom
    $800 4
a newsstand

Tom
    $800 9
Miami

Rachel
    $800 29
Calvary

Triple Stumper
    $1000 15
Sedona

Tyson
    $1000 25
Phish

Tyson
    $1000 20
Kresge

Tom
    $1000 5
grandstand

Tyson
    $1000 10
the Copperheads

Triple Stumper
    $1000 30
3 days

Tyson

Scores at the first commercial break (after clue 15):

Rachel Tom Tyson
$3,200 $1,200 $1,400

Scores at the end of the Jeopardy! Round:

Rachel Tom Tyson
$4,600 $2,800 $6,400

Double Jeopardy! Round responses

WHERE THE STREETS HAVE THESE NAMES
1960s TELEVISION
VO-CAB-ULARY
PHI BETA KAPPA
ONLY IN MONTHS WITH AN R
THE END OF THE STORY
    $400 21
(Tyson: What is Texas?)

Dallas

TomTyson
    $400 1
the Grinch

Tom
    $400 6
a fare

Tyson
    $400 26
Helen Keller

Rachel
    $400 16
February

Rachel
    $400 11
The Old Man and the Sea

Tyson
    $800 22
London

Tom
    $800 2
Batman

Rachel
    $800 7
(Tyson: What is, "Hello"?)

"Hail"

RachelTyson
    $800 27
Peyton Manning

Rachel
    $800 17
March

Tom
    $3,000 12
Animal Farm

Tyson
    $1200 23
(Tyson: What is Berlin?)

Vienna

RachelTyson
    $1200 3
Bonanza

Tom
    $1200 8
a meter

Tom
    $1200 28
(Betty) Friedan

Rachel
    $1200 18
November

Rachel
    $1200 13
Return of the King

Triple Stumper
    $1600 24
Manila (in the Philippines)

Rachel
    $1600 4
(Rachel: What is Get Smart?)

Maxwell Smart

RachelTyson
    $1600 9
a hack

Tom
    $1600 29
Kinsey

Tom
    $1600 19
(Tyson: What is May?)

January

RachelTyson
    $1600 14
Around the World in 80 Days

Tom
    $1,000 25
(Rachel: What is Detroit?)

Pittsburgh

Rachel
    $2000 5
The Dick Van Dyke Show

Tom
    $2000 10
dispatch

Rachel
    $2000 30
Nathaniel Hawthorne

Rachel
    $2000 20
September

Triple Stumper
    $2000 15
Slaughterhouse-Five

Triple Stumper

Scores at the end of the Double Jeopardy! Round:

Rachel Tom Tyson
$16,000 $14,400 $7,800

[wagering suggestions for these scores]

Final Jeopardy! Round responses

THE AFI's 100 GREATEST AMERICAN MOVIES
TysonWhat is West Side Story?
$6,201
TomWhat is Singing in the Rain?
$6,000
RachelWhat is Singing in the Rain?
$12,801
Singin' in the Rain

Final scores:

Rachel Tom Tyson
$28,801 $20,400 $1,599
2-day champion: $48,002 2nd place: $2,000 3rd place: $1,000

Game dynamics:

Coryat scores:

Rachel Tom Tyson
$18,000 $14,400 $5,600
23 R,
3 W
(including 2 DDs)
15 R,
1 W
15 R
(including 1 DD),
5 W

Combined Coryat: $38,000

[game clues] [game scores] [suggest correction]

Game tape date: 2012-11-14
The J! Archive is created by fans, for fans. Scraping, republication, monetization, and malicious use prohibited; this site may use cookies and collect identifying information. See terms. The Jeopardy! game show and all elements thereof, including but not limited to copyright and trademark thereto, are the property of Jeopardy Productions, Inc. and are protected under law. This website is not affiliated with, sponsored by, or operated by Jeopardy Productions, Inc. Join the discussion at JBoard.tv.